000 01306nam a22002777a 4500
999 _c65945
_d65945
005 20240530110851.0
008 200912s2019 ua a f b 000 0dara d
017 _a2016/17830
_bمصر. دار الكتب
020 _a9789779207834
040 _aEG-CaGPL
_cEG-CaGPL
082 0 4 _221
_a962.03
_bق/ك م
100 1 _aكاميرون ، د.ايه.
245 1 0 _aمصر فى القرن التاسع عشر او محمد على ومن خلفوه الى الاحتلال البريطانى فى العام 1882 /
_cتاليف د. ايه. كاميرون ؛ ترجمة صبرى محمد حسن
250 _aط.1
260 _aالقاهرة :
_bالمركز القومى للترجمة ،
_c2019
300 _a237 ص. ؛
_c24 سم.
490 0 _aالمركز القومى للترجمة ؛
_v3001
504 _aيشتمل على ارجاعات ببليوجرافية
650 0 7 _aمعركة نوارين
_2qrmak
650 0 7 _aقناة السويس
_2qrmak
651 0 7 _2qrmak
_aمصر
_xتاريخ
_yالعصر الحديث
_yالاحتلال البريطانى
651 0 7 _aمصر
_xتاريخ
_yالعصر الحديث
_yالاحتلال البريطانى
_2qrmak
700 0 _aصبرى محمد حسن
_eمترجم
942 _2ddc
_cBK